000 01090nam a2200289 a 4500
001 BRCA_4769
005 20190320204809.0
008 011010s1965----u--a######---#000-0#eng-#
041 _aeng
044 _au
050 4 _aNK2205
_b.A76 3
_c1965
100 1 _aAronson, Joseph
_911877
245 1 0 _aThe Encyclopedia of Furniture
_cby Joseph Aronson.
250 _a3
260 _aEstados Unidos de América
_bCrown
_c1965
300 _aix, 484 p.
_bil.
_c29 cm.
500 _aIncluye un glosario de los diseñadores y artesanos
500 _aEnciclopedia inventariada por Banco de México como libro
500 _aLa biblioteca cuenta con un 2do ejemplar (Gran Bretaña, 1966) donado por el Lic. Héctor Rivero B. (17 noviembre, 2010) y se encuentra en el Área de Investigación
500 _aVer también D53 (4a reimp. 1941), Y125 (12a reimp. 1947) y 3127 (14a reimp. 1949)
500 _aY187
504 _aBibliografía: p. 476-479
650 1 4 _aMuebles
_vDiccionarios
_911878
650 1 4 _aDecoración y ornamentación
_vDiccionarios
_91977
902 _aGFM
942 _2lcc
_cB
999 _c4466
_d4466